000 07038nam a22004217a 4500
001 BRCA_7031
002 L-127
003 FranzMayer
005 20260401125952.0
008 260401s1675 |||a|||gr|||| 00| | fre d
040 _aBMFM
_bspa
041 0 _afre
050 0 _aD158
_b.M35 1675
100 1 _aMaimbourg, Louis
_d(1610-1686)
_930184
245 1 0 _aHistoire des croisades pour la delivrance de la terre sainte /
_cLouis Maimbourg
260 _aParis, Francia :
_bSébastien Mabre-Cramoisy – “chez Sébastien Mabre-Cramoisy, rue Saint‑Jacques, Paris” (Sébastien Mabre-Cramoisy – “en casa de Sébastien Mabre-Cramoisy, rue Saint-Jacques, París") ;
_c1675
300 _a[18], 652, [21] páginas :
_bgrabados ;
_c26 x 19 x 5 cm
520 3 _aObra histórica escrita por el jesuita francés Louis Maimbourg, una figura destacada de la Iglesia galicana y conocido por su oposición al protestantismo. Publicada en París por Sébastien Mabre-Cramoisy, impresor del rey, esta crónica narra de forma cronológica los eventos de las Cruzadas desde el siglo XI hasta la caída de Acre (1291).
_bCon un enfoque católico y providencialista, Maimbourg examina las causas religiosas y políticas de las Cruzadas, su desarrollo y consecuencias a lo largo del tiempo, presentando la liberación de la Tierra Santa como una misión espiritual y política, así como reforzando la supremacía católica en un contexto de conflictos confesionales europeos, apelando a valores de unidad religiosa frente al Islam y al protestantismo. Asimismo, subraya el impacto que estas campañas tuvieron en el imaginario colectivo europeo, cuyo interés perduró hasta finales del siglo XVII, cuando se firmó la paz entre los Imperios otomano y Habsburgo.La obra gozó de gran difusión fue traducida al inglés, español, alemán e italiano, influyendo en la percepción moderna de las Cruzadas.
563 _aOtras referencias físicas: Encuadernación entera en piel. El papel del cuerpo del libro está formado por pulpa de trapo, hecho a mano, con marcas de verjurado y marcas de agua. El cuerpo del libro está formado por cuadernillos unidos mediante costura alternada y con libramiento sobre cinco soportes elevados de cordel; no es claro si los soportes son sencillos o dobles. Parece que las prolongaciones de los soportes se usaron para unir el cuerpo a la cartera, pero no fue posible determinarlo. El lomo es una reposición, con restos adheridos del lomo previo. Lomera con cajo; el cajo podría ser contemporáneo al lomo. Endose transversal de pergamino de reúso, manuscrito con tinta ferrogálica. Parece ser un endose entero. Cabezadas tejidas con hilo azul perdidas. Cantos refinados, decorados con salpicado en rojo. Soportes de las tapas de cartón. Piel decorada, decoración con dorado en los restos del lomo original La casilla 2 tiene el título del libro grabado en dorado. Los cantos de las tapas están decoradas con dorado. Texto impreso. Anotación con tinta ferrogálica en la contraguarda anterior
591 _aEstado de conservación: Bueno
591 _bDescripción de conservación: Intervenido. Se hizo una reposición del lomo, sobre el que se colocaron los restos del lomo original. Suciedad mínima, hojas oxidadas, costura rota en algunos cuadernillos, fojas semisueltas, punta anterior de pie y puntas posteriores desnudas, cañuela anterior rota en la cofia de cabeza, abrasión en la piel de las tapas, piel rigidizada
592 _aMarcas adicionales: Exlibris de Franz Mayer. Nota manuscrita en la guarda [1. 63.]. Frontispicio alegórico con dos personajes femeninos sosteniendo un cortinaje con el título de la obra. A la izquierda una mujer sostiene una antorcha encendida, símbolo asociado a la Fortaleza. A la derecha se representa a Prudencia, sosteniendo un espejo y una serpiente que rodea su brazo. Encabezando la escena hay una cartela con las siglas [IHS]—acrónimo del nombre de Jesús en griego— que señala la filiación jesuita de la obra, como emblema distintivo de la Compañía de Jesús. Marca topografica del impresor en la portada. Dedicatoria al rey ( páginas [1]-[5]). Incluye: <<Sommaire des livres>> (páginas [9] - [16]). Incluye un extracto del privilegio del rey: << Par Lettres Patentes du Roy, données á Saint Germain en Laye le 26. Janvier 1675. fignées, Desvieux, & fcellées du grand Sceau de cire jaune, il est permis au Pere Louïs Maimvourg, de la Compagnie de Jesus, de faire imprimer par tel Imprimeur qu´il agréra, un Livre qu´il a composé, & intitulé, L´Histoire des Croisades pour la delivrance de la Terre Sainte, & ce durant le tems & espace de vingt années. Avec défenfes à toutes personnes d´imprimer, ou faire imprimer ledit Livre fans le consentement dudit Pere, sous les peines portées par lesdites Lettres.Et ledit R. P. Maimbourg a cedé le Privilege cy-deffus au fieur Sebestien Mabre-Cramoisy, Imprimeur du Roy, & Directeur de l´Impreur du Royale du Louvre.Registré sur le Livre de la Communauté des Libraires Imprimeurs de Paris l´onziénne jour de Mars mil six cens soixante - quinzer. Signé, D. Thierry.>>. Incluye: <<Permission du R. P. Provincial>> que menciona <<Je fouffigné Provincial de la Compagnie de Jesus en la Province de France, permets au P. Louïs Maimbourg de faire imprimer par tel Imprimeur & Libraire qu´il voudra, L´Historie des Croisades, par luy composée, & approuvée par trois Théologiens de nostre Compagnie. Fait à Paris le 8. de Mars 1675.Signe, Estienne Dechamps.>> (página [17]). Incluye: <<Permission du R. P. Provincial>>: <<Je fouffigné Provincial de la Compagnie de Jesus en la Province de France, permets au P. Louïs Maimbourg de faire imprimer par tel Imprimeur & Libraire qu´il voudra, L´Historie des Croisades, par luy composée, & approuvée par trois Théologiens de nostre Compagnie. Fait à Paris le 8. de Mars 1675. Signe, Estienne Dechamps.>> (página [17]). Incluye: <<Table des matieres & des chofes plus remarquables contenuës dans ces six Livres de L´Histoire des Croisades>> (páginas [1] y [21]). Incluye 14 gravados. Texto en prosa
650 1 0 _aCrusades
_yEarly works to 1800
_930185
650 1 0 _aHoly Land
_xHistory
_y1099
_y1291
_930186
650 1 0 _aCrusades
_xHistory
_930187
650 1 0 _aIslam
_xRelations
_xChristianity
_xHistory
_930188
650 1 0 _aChristianity and other religions
_xIslam
_xHistory
_yTo 1500
_930189
650 1 0 _aCatholic Church
_xDoctrines
_xHistory
_yTo 150
_930190
650 1 0 _aIllustrated books
_y17th century
_zFrance
_930191
651 0 _aFrance
_xHistoriography
_y17th century
_930192
700 1 _aAudran, Charles
_d(1594-1674)
_egrabador
_930193
700 1 _aChauveau, François
_d(1613-1676)
_egrabador
_930194
700 1 _aMabre-Cramoisy, Sébastien
_d(1637-1687)
_eimpresor
_930195
856 4 1 _qTIF//PDF
_uhttps://bibliotecadigital.franzmayer.org.mx/items/5f3d9afd-af9b-4b9a-bac6-bf8b680a6a52
_yBiblioteca Museo Franz Mayer
902 _aKH
_aFM
_aTV
942 _2lcc
_cB
960 _aCS-L2-N1
999 _c11113
_d11113